| 000 | 00417cam a2200169 4500 | ||
|---|---|---|---|
| 001 | L127348 | ||
| 002 | 7881 | ||
| 008 | 040913n2008 000 0 eng u | ||
| 020 | _a140512122X | ||
| 035 | _a(Sirsi) u127348 | ||
| 100 | _aMcGough, T. | ||
| 245 | _aReal estate market analysis and forecasting | ||
| 260 |
_aBlackwells _c2008 |
||
| 350 | _a39.50 | ||
| 520 | _aDue for publication December 2006 | ||
| 942 | _n0 | ||
| 999 |
_c103747 _d103747 |
||